000 00328nam a22001457a 4500
003 SGT
020 _a978-93-5270-494-1
082 _a610
_bBOL
100 _aBOLOOR, ARCHITH
245 _aEXAM PREPARATORY MANUAL FOR UG MEDICINE
260 _aINDIA
_bJAYPEE
_c2018
300 _a1252
650 _aMEDICINE
942 _2ddc
_cBK
999 _c32413
_d32413